1900 trahomás beteg a tanyákon
Elmentve itt :
| Dokumentumtípus: | Cikk |
|---|---|
| Megjelent: |
1934-03-25
|
| Sorozat: | Délmagyarország
10 No. 68 |
| Kulcsszavak: | Járvány Szeged 1934 |
| Online Access: | http://dmarchiv.bibl.u-szeged.hu/48396 |
| LEADER | 00408nab a2200145 i 4500 | ||
|---|---|---|---|
| 001 | delm48396 | ||
| 005 | 20180927134904.0 | ||
| 008 | 180927s1934 hu o 0|| hun d | ||
| 040 | |a SZTE Délmagyarország Archívum |b hun | ||
| 041 | |a hun | ||
| 245 | 0 | 0 | |a 1900 trahomás beteg a tanyákon |h [elektronikus dokumentum] |
| 260 | |c 1934-03-25 | ||
| 300 | |a 8 | ||
| 490 | 0 | |a Délmagyarország |v 10 No. 68 | |
| 695 | |a Járvány Szeged 1934 | ||